000 00508 a2200181 4500
003 OSt
005 20240205101520.0
008 240205b |||||||| |||| 00| 0 eng d
020 _a9789382938738
040 _coclc
082 _a894.8128
_bSPO/H
100 _aSoopy, K. T
_910369
245 _aHasrath InayathKhan /
_cK. T. Soopy
250 _a1st ed.
260 _aKOZHIKODE:
_bOLIVE PUBLICATIONS,
_c2017.
300 _a120P.
942 _2ddc
_cBK
_h894.8128
_iSPO/H
_k894.8128
_mSPO/H
999 _c44268
_d44268